000 01385cab a2200373 4500
001 ABS53013
008 090401t1995 xxu||||| |||| 00| 0 eng d
035 _a(Sirsi) u1334
041 _aeng
245 _aOffice trends `95
260 _c1995
300 _aLOAN
350 _a0
490 _aEstates Gazette
_vSupplement (9522) 3 June 1995, (77)
520 _aA new publication jointly produced by the British Council for Offices and Estates Gazette highlighting trends in office marketing, construction and maintenance. Focuses on office space and rents, the building and design of offices and office maintenance and management.
650 _aBUILT ENVIRONMENT-BUILDING ELEMENTS-COMPLETE BUILDING SERVICES ELEMENTS-COMPLETE HEATING, VENTILATION AND AIR CONDITIONING SYSTEMS
650 _aBUILT ENVIRONMENT-BUILDING COSTS
650 _aCAPITAL ALLOWANCES
650 _aDISASTER PLANNING
650 _aFACILITIES MANAGEMENT
_96240
650 _aINVESTMENT MARKET
650 _aLEASES
650 _aOFFICE DEVELOPMENT
650 _aPROPERTY-COMMERCIAL PROPERTY-OFFICE PROPERTY-OFFICE PROPERTY MARKET
650 _aOFFICE RENTS
650 _aOFFICE SPACE
650 _aOUTSOURCING
650 _aPORTFOLIO MANAGEMENT
650 _aRELOCATION
650 _aTERRORISM INSURANCE
690 _aPROPERTY-COMMERCIAL PROPERTY
942 _n0
948 _c04/03/1997
999 _c731
_d731